000 00441nmm a2200157Ia 4500
008 251105s9999||||xx |||||||||||||||||und||
020 _a9789580611875
041 _aspa
100 _aArciniegas M., Diego
245 0 _aEl país del prisma
264 _a[Bogotá, Colombia] :
_bOveja Negra,
_c2011
300 _a67 páginas
650 _aLatin American narrative
856 _uhttps://public.digitaliapublishing.com/a/19886
942 _cCF
999 _c94864
_d94864